| 000 | 00572nam a2200241 a 4500 | ||
|---|---|---|---|
| 001 | nice12345678 | ||
| 003 | IN_TiNIC | ||
| 005 | 20260116013620.0 | ||
| 008 | 050524s1993 lona grp 000 0 eng | ||
| 020 |
_a019507596X _c350 |
||
| 082 | 0 | 0 |
_a200 _bEAS |
| 100 | _aEastman, Roger | ||
| 245 | _aWay of Religion | ||
| 260 |
_aLondan _bOxford University Press _c1993 |
||
| 300 | _a489p | ||
| 500 | _aincludes index and biblioraphy | ||
| 505 | 2 | _aIndex | |
| 650 | _aReligion | ||
| 700 | 1 | _aEastman, Roger | |
| 902 | _bSRS | ||
| 942 | _cBK | ||
| 999 |
_c11664 _d11664 |
||